000 00583nam a2200169 a 4500
001 000031308
005 20240316073905.0
008 110617s1997 dr a 000 0 spa d
040 _aDO-SdBNP
_bspa
_cBNPHU
082 _axxxx
_bV443p
100 1 _aVeloz Maggiolo, Marcio,
_d1936-2021
_91104
245 1 0 _aPrehistoria dominicana para maestros /
_cMarcio Veloz Maggiolo.
260 _aLa Romana, República Dominicana :
_bMuseo Arqueológico Regional
_bFundación Centro Cultural Altos de Chavon,
_c1997.
300 _a54 p. :
_b28 cm.
504 _aBibliografía : p.53
049 _aBNPD
999 _c30800
_d30800